Loading...
| Fine Arts - Classical Music | 4 | 7.50 | 75% | 0% | 0% |
| Fine Arts - Other Fine Arts | 2 | 5.00 | 0% | 50% | 0% |
| Fine Arts - Visual Fine Arts | 3 | 3.33 | 33% | 0% | 0% |
| Geography/Current Events | 1 | 20.00 | 100% | 100% | 0% |
| History - European History | 4 | 17.50 | 100% | 50% | 25% |
| History - Other History | 1 | 0.00 | 0% | 0% | 0% |
| History - World History | 3 | 13.33 | 100% | 33% | 0% |
| Literature - American Literature | 2 | 15.00 | 100% | 0% | 50% |
| Literature - British Literature | 1 | 10.00 | 100% | 0% | 0% |
| Literature - European Literature | 1 | 10.00 | 100% | 0% | 0% |
| Literature - World/Other Literature | 3 | 10.00 | 100% | 0% | 0% |
| Mythology | 2 | 15.00 | 100% | 50% | 0% |
| Philosophy | 2 | 10.00 | 100% | 0% | 0% |
| Pop Culture | 1 | 20.00 | 100% | 100% | 0% |
| Religion | 3 | 13.33 | 100% | 33% | 0% |
| Science - Biology | 1 | 10.00 | 100% | 0% | 0% |
| Science - Chemistry | 1 | 0.00 | 0% | 0% | 0% |
| Science - Other Science | 1 | 10.00 | 100% | 0% | 0% |
| Science - Physics | 1 | 20.00 | 100% | 100% | 0% |
| Social Science | 2 | 5.00 | 50% | 0% | 0% |